| 000 | 00593cam a22001815a 4500 | ||
|---|---|---|---|
| 001 | L154758 | ||
| 008 | 120117s1901 xxk f 000 0 eng d | ||
| 035 | _a(Sirsi) u154758 | ||
| 041 | 0 | _aeng | |
| 100 | 1 | _aFergusson, John C. | |
| 245 | 0 | 0 |
_aFergusson's surveying circle and percentage tables _ba solution of the centesimal division of the circle |
| 260 |
_a[S.l.] _bthe author _c1901 |
||
| 300 |
_a84p. _bill. _c22cm. |
||
| 520 | _aA text to support the use of Fergusson's surveying circle and pecentage tables. | ||
| 651 | 4 |
_aUnited Kingdom _y |
|
| 690 |
_aMeasurement _96256 |
||
| 942 | _n0 | ||
| 999 |
_c113134 _d113134 |
||